| 000 | 00551nam a22001697a 4500 | ||
|---|---|---|---|
| 999 |
_c61615 _d61615 |
||
| 005 | 20240401111757.0 | ||
| 008 | 240401s2014 enk||||| |||| 00| 0 eng d | ||
| 020 | _a9780124171596X | ||
| 041 | _aeng | ||
| 080 | _a657.2 G-17 | ||
| 100 |
_aGantz, Stephen D. _921641 |
||
| 245 |
_aThe Basics of IT Audit: _bPurposes, Processes, and Practical Information / _cStephen D. Gantz. |
||
| 264 |
_aAmsterdam : _bSyngress, _c2014. |
||
| 300 |
_a244 p. : _bill. ; _c23 cm. |
||
| 653 | _aIT აუდიტის საფუძვლები | ||
| 942 |
_2udc _cBK |
||